[Event "Fagernes GM Open 2014"]
[Site "Fagernes NOR"]
[Date "2014.04.16"]
[Round "6.7"]
[White "Urkedal, Frode"]
[Black "Djurhuus, Rune"]
[Result "1-0"]
[WhiteTitle "IM"]
[BlackTitle "GM"]
[WhiteElo "2494"]
[BlackElo "2447"]
[WhiteFideId "1506102"]
[BlackFideId "1500082"]
[EventDate "2014.04.13"]

1. d4 Nf6 2. c4 g6 3. Nc3 Bg7 4. e4 d6 5. f3 O-O 6. Bg5 a6 7. Qd2 c6 8. Nge2 b5
9. Ng3 Nbd7 10. Be2 e5 11. d5 b4 12. Nd1 cxd5 13. cxd5 Qa5 14. Ne3 Rb8 15. Nc4
Qc7 16. Rc1 Nc5 17. Qe3 b3 18. a3 Na4 19. O-O Qc5 20. Qxc5 dxc5 21. Rf2 h6 22.
Bd2 Bd7 23. Bd1 Ne8 24. Ba5 h5 25. Nf1 Bh6 26. Rb1 f6 27. Bd2 Bxd2 28. Nfxd2 Bb5
29. Rc1 Bxc4 30. Nxc4 Rb5 31. Rd2 Nc7 32. Rd3 Rfb8 33. Rb1 Kf8 34. Nd2 Ne8 35.
Bxb3 Nb6 36. Bc4 Ra5 37. b4 cxb4 38. Rxb4 Nd7 39. Rxb8 Nxb8 40. d6 Nd7 41. Nb3
Rxa3 42. Be6 Nc5 43. Nxc5 Rxd3 44. Nxd3 Nxd6 45. Kf2 Ke7 46. Bb3 a5 47. Ke3 h4
48. f4 exf4+ 49. Nxf4 g5 50. Ng6+ Kd7 51. Kd3 Nc8 52. Kc4 Kc6 53. Ba4+ Kc7 54.
Kc5 Nb6 55. Bb3 a4 56. Ba2 a3 57. Nf8 Na4+ 58. Kb4 Nb2 59. Nh7 Kd6 60. Kxa3 Nd1
61. Nxf6 Ke5 62. Ng4+ Kxe4 63. Kb3 Kd3 64. Bb1+ Kd2 65. Be4 Nc3 66. Bf3 Ne2 67.
Kc4 Nf4 68. Kd4 Ke1 69. Ke4 1-0

[Event "Fagernes GM Open 2014"]
[Site "Fagernes NOR"]
[Date "2014.04.16"]
[Round "6.8"]
[White "Galinsky, Timofey"]
[Black "Elsness, Frode"]
[Result "0-1"]
[WhiteTitle "IM"]
[BlackTitle "IM"]
[WhiteElo "2427"]
[BlackElo "2483"]
[WhiteFideId "14104164"]
[BlackFideId "1501100"]
[EventDate "2014.04.13"]

1. e4 c5 2. Nf3 d6 3. Bb5+ Nd7 4. O-O Nf6 5. Re1 a6 6. Bf1 b6 7. d4 cxd4 8. Nxd4
Bb7 9. Nc3 Nc5 10. f3 e6 11. Be3 Be7 12. Qd2 O-O 13. Rad1 Qc7 14. Qf2 b5 15. Qg3
Rfd8 16. a3 Rac8 17. Qh3 Kh8 18. g4 g6 19. Bg2 e5 20. g5 Nh5 21. b4 Nd7 22. Nd5
Bxd5 23. exd5 exd4 24. Bxd4+ Ne5 25. f4 Nxf4 26. Qg3 Nh5 27. Rxe5 Kg8 28. Rxe7
Qxe7 29. Qh4 Rxc2 30. Re1 Re2 31. Rc1 Re8 32. Bf2 Qe5 33. Rf1 Qf4 34. Bg3 Qe3+
35. Bf2 Qf4 36. Bg3 Qd2 37. Bf2 Nf4 38. Qg3 Nxg2 39. Qxg2 R8e5 0-1

[Event "Fagernes GM Open 2014"]
[Site "Fagernes NOR"]
[Date "2014.04.16"]
[Round "6.9"]
[White "Haug, Johannes"]
[Black "Donchenko, Alexander"]
[Result "0-1"]
[BlackTitle "IM"]
[WhiteElo "2096"]
[BlackElo "2471"]
[WhiteFideId "1509268"]
[BlackFideId "24603295"]
[EventDate "2014.04.13"]

1. e4 c5 2. c3 d5 3. exd5 Qxd5 4. d4 g6 5. Nf3 Bg7 6. Na3 cxd4 7. Bc4 Qe4+ 8.
Be3 Nh6 9. cxd4 O-O 10. O-O Bg4 11. Ng5 Qxe3 12. fxe3 Bxd1 13. Raxd1 Nc6 14. Nc2
Rac8 15. Bd3 Ng4 16. Ne4 Rfd8 17. h3 Nb4 18. hxg4 Nxc2 19. Bxc2 Rxc2 20. Rf2 Rc6
21. Nc3 e6 22. Rdf1 Rd7 23. Ne4 e5 24. d5 Rc4 25. Ng5 Bh6 26. Nxf7 Bxe3 27. Nxe5
Bxf2+ 28. Kh1 Rxd5 29. Nxc4 Bg3 30. b3 b5 31. Ne3 Rd2 32. g5 Bh4 33. a4 Bxg5 34.
Ng4 bxa4 35. bxa4 Rd4 36. Nh2 Rxa4 37. Nf3 Bf6 38. Rb1 Ra1 39. Rxa1 Bxa1 40. Nd2
Bd4 41. g3 Kf7 42. Kg2 Ke6 43. Kf3 Kd5 44. Ke2 a5 45. Kd3 h5 0-1

[Event "Fagernes GM Open 2014"]
[Site "Fagernes NOR"]
[Date "2014.04.16"]
[Round "6.10"]
[White "Lillevold, Frode"]
[Black "Svane, Rasmus"]
[Result "0-1"]
[BlackTitle "IM"]
[WhiteElo "2182"]
[BlackElo "2487"]
[WhiteFideId "1502913"]
[BlackFideId "4657101"]
[EventDate "2014.04.13"]

1. d4 Nf6 2. c4 g6 3. Nc3 d5 4. Nf3 Bg7 5. Bg5 Ne4 6. Bh4 Nxc3 7. bxc3 dxc4 8.
Qa4+ Qd7 9. Qxc4 b6 10. Bg3 c5 11. Ne5 Bxe5 12. Bxe5 Ba6 13. Qb3 O-O 14. e3 Bxf1
15. Kxf1 Nc6 16. Bf4 cxd4 17. cxd4 Nxd4 18. Qd3 Qb5 19. Qxb5 Nxb5 20. Ke2 Rac8
21. Kf3 f6 22. g4 Nc3 23. e4 Rc4 24. Rhe1 e5 25. Bg3 g5 26. Re3 b5 27. a3 a5 28.
h4 h6 29. Rae1 Rd8 30. hxg5 hxg5 31. Kg2 b4 32. axb4 axb4 33. Ra1 b3 34. Ra7 b2
35. Bxe5 fxe5 36. Ra4 0-1

[Event "Fagernes GM Open 2014"]
[Site "Fagernes NOR"]
[Date "2014.04.16"]
[Round "6.11"]
[White "Wallace, John Paul"]
[Black "Hansen, Torbjorn Ringdal"]
[Result "1-0"]
[WhiteTitle "IM"]
[BlackTitle "IM"]
[WhiteElo "2402"]
[BlackElo "2469"]
[WhiteFideId "3200957"]
[BlackFideId "1501720"]
[EventDate "2014.04.13"]

1. e4 c5 2. Nf3 d6 3. d4 cxd4 4. Nxd4 Nf6 5. Nc3 a6 6. Bg5 e6 7. f4 Nbd7 8. Qe2
Qc7 9. O-O-O b5 10. g4 b4 11. Nd5 exd5 12. exd5+ Be7 13. Nc6 Nb8 14. Bxf6 gxf6
15. Bg2 Nxc6 16. dxc6 f5 17. g5 Be6 18. Rhe1 Rg8 19. h4 a5 20. Bd5 Bxd5 21. Rxd5
Rg6 22. Qh5 Qxc6 23. Rd2 Kd7 24. Qxh7 Qc4 25. h5 Qxa2 26. Rde2 Re6 27. Qxf7 Rxe2
28. Qxa2 Rxe1+ 29. Kd2 Rh1 30. Qd5 Rh2+ 31. Kd3 Rf8 32. h6 Rh3+ 33. Ke2 Bd8 34.
Kd2 Bb6 35. Qb7+ Bc7 36. Qd5 1-0

[Event "Fagernes GM Open 2014"]
[Site "Fagernes NOR"]
[Date "2014.04.16"]
[Round "6.12"]
[White "Tari, Aryan"]
[Black "Houska, Jovanka"]
[Result "1/2-1/2"]
[WhiteTitle "IM"]
[BlackTitle "IM"]
[WhiteElo "2387"]
[BlackElo "2410"]
[WhiteFideId "1510045"]
[BlackFideId "405094"]
[EventDate "2014.04.13"]

1. e4 c6 2. d4 d5 3. e5 c5 4. Nf3 Nc6 5. c4 e6 6. Nc3 cxd4 7. Nxd4 Bb4 8. Nxc6
bxc6 9. Qa4 Qb6 10. Be3 d4 11. Bxd4 Qxd4 12. Qxb4 Qxe5+ 13. Be2 c5 14. Qa3 Ne7
15. Na4 Rb8 16. Qg3 Qxg3 17. hxg3 Bb7 18. O-O-O Bxg2 19. Rhg1 Bc6 20. Nxc5 h5
21. Bd3 Rc8 22. b4 a5 23. a3 Bf3 24. Rde1 g6 25. Kb2 Nf5 26. Bxf5 gxf5 27. Re3
Bc6 28. Nb3 axb4 29. axb4 Ke7 30. Kc3 Bd5 31. Nc5 Bc6 32. Ra1 h4 33. Ra7+ Kf6
34. gxh4 Rxh4 35. Nd3 Bd5 36. c5 Rc4+ 37. Kd2 Rd8 38. Ke1 f4 39. Rh3 Rd4 40. Ra3
Bc4 41. Kd2 e5 42. Kc2 Be6 43. Rh6+ Kg5 44. Rxe6 fxe6 45. c6 Kf6 46. b5 1/2-1/2

[Event "Fagernes GM Open 2014"]
[Site "Fagernes NOR"]
[Date "2014.04.16"]
[Round "6.13"]
[White "Dolzhikova, Olga"]
[Black "Getz, Nicolai"]
[Result "1/2-1/2"]
[WhiteTitle "WGM"]
[BlackTitle "IM"]
[WhiteElo "2209"]
[BlackElo "2388"]
[WhiteFideId "14105870"]
[BlackFideId "1505572"]
[EventDate "2014.04.13"]

1. e4 e5 2. Nf3 Nc6 3. Bc4 Bc5 4. c3 Nf6 5. d3 O-O 6. O-O d5 7. exd5 Nxd5 8. Re1
Bg4 9. Nbd2 Bb6 10. Ne4 Qd7 11. h3 Bxf3 12. Qxf3 Rad8 13. Bg5 f6 14. Bh4 Kh8 15.
Rad1 Nce7 16. Bg3 c6 17. Bb3 c5 18. Bc2 h6 19. Nd2 Qf5 20. Qe2 Ng6 21. Nc4 Ndf4
22. Bxf4 Nxf4 23. Qf3 Rd7 24. Rd2 Rfd8 25. Red1 Qg5 26. Kh2 Bc7 27. g3 b5 28.
Na3 a6 29. d4 exd4 30. h4 Qe5 31. cxd4 cxd4 32. gxf4 Qxf4+ 33. Kg2 Qxh4 34. Qe4
Qh2+ 35. Kf1 Qh3+ 36. Qg2 Qh5 37. Qg6 Qh1+ 38. Qg1 Qxg1+ 39. Kxg1 g6 40. Be4 f5
41. Bg2 Bb6 42. Re2 Kg7 43. Re6 Rd6 44. Rxd6 Rxd6 45. Rc1 Kf6 46. Rc6 Rxc6 47.
Bxc6 Bc5 48. Nb1 Ke5 49. Kf1 g5 50. Nd2 Kd6 51. Bb7 a5 52. Nb3 Bb6 53. Nc1 g4
54. Bc8 Ke5 55. Nd3+ Kf6 56. a3 h5 57. Bd7 b4 58. axb4 axb4 59. Nxb4 Kg5 60. Nd5
Ba7 61. b4 d3 62. Ba4 f4 63. b5 f3 64. b6 Bb8 65. Ne3 h4 66. Bd7 g3 67. fxg3
hxg3 68. Bb5 d2 69. Ba4 Kf4 70. Nc4 Ke4 71. Nxd2+ Ke3 72. Nxf3 1/2-1/2

[Event "Fagernes GM Open 2014"]
[Site "Fagernes NOR"]
[Date "2014.04.16"]
[Round "6.14"]
[White "Christiansen, Johan-Sebastian"]
[Black "Salomon, Johan"]
[Result "1/2-1/2"]
[WhiteElo "2207"]
[BlackElo "2343"]
[WhiteFideId "1512668"]
[BlackFideId "1509500"]
[EventDate "2014.04.13"]

1. c4 c6 2. g3 d5 3. Bg2 Nf6 4. Nf3 Bf5 5. O-O e6 6. d3 Be7 7. Nc3 O-O 8. cxd5
cxd5 9. Qb3 Nbd7 10. Be3 Ng4 11. Bd2 Nc5 12. Qd1 Rc8 13. h3 Nf6 14. Nh4 Bg6 15.
Nxg6 hxg6 16. Rb1 Qc7 17. b4 Ncd7 18. Qb3 d4 19. Nb5 Qb6 20. a4 Ne5 21. Na3 Rfd8
22. f4 Ned7 23. Nc4 Qc7 24. Rfc1 Qb8 25. Na5 Rxc1+ 26. Rxc1 Nh5 27. Be1 g5 28.
Nxb7 Rf8 29. Na5 gxf4 30. Nc6 Qd6 31. b5 Nxg3 32. Rc2 f3 33. exf3 Bg5 34. Bf2
Be3 35. Qb4 Qf4 36. Nxd4 Bxf2+ 37. Rxf2 Ne5 38. Nc6 Qc1+ 39. Kh2 Nxc6 40. bxc6
Nf5 41. f4 Qe3 42. Rf3 Qc1 43. Rf2 Qe3 44. Rf3 Qc1 1/2-1/2

[Event "Fagernes GM Open 2014"]
[Site "Fagernes NOR"]
[Date "2014.04.16"]
[Round "6.15"]
[White "Hagesather, Ellen"]
[Black "Hauge, Lars Oskar"]
[Result "0-1"]
[WhiteTitle "WIM"]
[BlackTitle "FM"]
[WhiteElo "2204"]
[BlackElo "2330"]
[WhiteFideId "1501909"]
[BlackFideId "1509276"]
[EventDate "2014.04.13"]

1. e4 e6 2. d3 d5 3. Nd2 c5 4. Ngf3 Nc6 5. g3 g6 6. Bg2 Bg7 7. O-O Nge7 8. Re1
O-O 9. a4 e5 10. exd5 Nxd5 11. Nc4 Re8 12. c3 Bf5 13. Ng5 Qd7 14. Ne4 b6 15.
Ned6 Nde7 16. Nxe8 Rxe8 17. Ne3 Be6 18. Qe2 f5 19. Nc4 Nd5 20. f4 exf4 21. Bxf4
Nxf4 22. gxf4 Qc7 23. Qf3 Nd8 24. Re2 Bh6 25. Ne5 Bb3 26. c4 Ne6 27. Qd5 Kg7 28.
Nxg6 hxg6 29. Rxe6 Rxe6 30. Qxe6 Bxf4 31. h3 Qd8 32. Qd5 Qf6 33. Rf1 Be3+ 34.
Kh1 Bxa4 35. Qb7+ Kh6 36. Qxa7 Bc2 37. Qd7 Bd4 38. Re1 Bxd3 39. b3 Be4 40. Bxe4
Qh4 41. Re2 Qf4 42. Bg2 Qc1+ 43. Kh2 Bg1+ 44. Kg3 Qg5+ 45. Kf3 Qh5+ 0-1

[Event "Fagernes GM Open 2014"]
[Site "Fagernes NOR"]
[Date "2014.04.16"]
[Round "6.16"]
[White "Mihajlov, Sebastian"]
[Black "Flermoen, Peter"]
[Result "1-0"]
[WhiteTitle "CM"]
[BlackTitle "CM"]
[WhiteElo "2197"]
[BlackElo "2232"]
[WhiteFideId "1512110"]
[BlackFideId "1507303"]
[EventDate "2014.04.13"]

1. d4 Nf6 2. Nf3 e6 3. c4 d5 4. Nc3 Bb4 5. Qb3 Bxc3+ 6. bxc3 O-O 7. Bg5 Nbd7 8.
e3 c5 9. Bd3 a6 10. a4 b6 11. O-O Qc7 12. Bf4 Qc6 13. cxd5 exd5 14. c4 Bb7 15.
cxd5 Nxd5 16. Bg3 N5f6 17. Rad1 cxd4 18. exd4 Rac8 19. Bf5 Qd5 20. Qxd5 Bxd5 21.
Bd6 Rfe8 22. Ne5 Be6 23. Bd3 Ra8 24. Rb1 Rec8 25. Rfc1 Rxc1+ 26. Rxc1 g6 27. h3
Bd5 28. Rc7 Nf8 29. Re7 Be6 30. Rb7 Nd5 31. Bc4 Rd8 32. Ba3 a5 33. Nc6 Re8 34.
Bxd5 Bxd5 35. Ne7+ Rxe7 36. Rxe7 Ne6 37. Bd6 Bc6 38. Be5 Bxa4 39. Rb7 f6 40.
Bxf6 b5 41. d5 1-0

[Event "Fagernes GM Open 2014"]
[Site "Fagernes NOR"]
[Date "2014.04.16"]
[Round "6.17"]
[White "Guttulsrud, Odd Martin"]
[Black "Kvisvik, Brede"]
[Result "1-0"]
[WhiteTitle "CM"]
[BlackTitle "FM"]
[WhiteElo "2206"]
[BlackElo "2300"]
[WhiteFideId "1507249"]
[BlackFideId "1502999"]
[EventDate "2014.04.13"]

1. e4 c5 2. Nf3 e6 3. c4 a6 4. Nc3 Qc7 5. d4 cxd4 6. Nxd4 Nf6 7. Bg5 Bb4 8. Bxf6
gxf6 9. Rc1 Qe5 10. Be2 Qxe4 11. O-O Qf4 12. Bf3 Nc6 13. Nxc6 bxc6 14. Ne4 Be7
15. c5 f5 16. Qd4 fxe4 17. Qxh8+ Bf8 18. Rc4 Qg5 19. Bxe4 a5 20. Rd1 Ba6 21. Qd4
Ra7 22. Rc2 Bg7 23. Qd2 Qh5 24. Bxc6 Be5 25. g3 Kf8 26. Bxd7 Qf3 27. a4 Bf4 28.
Qd4 Be5 29. Bc6 Qh5 30. Qd2 Bc8 31. Qe2 Qg5 32. Qd2 Qh5 33. Bf3 Qf5 34. Qd3 Qf6
35. Qd8+ Kg7 36. Qxf6+ Kxf6 37. Rd8 Rc7 38. Be4 Ke7 39. Rd3 Ba6 40. Rb3 f5 41.
Bf3 Bd4 42. Be2 Bb7 43. c6 Bc8 44. Rb5 e5 45. Rxa5 Kd6 46. Ra8 f4 47. b4 Bf5 48.
Rc1 fxg3 49. hxg3 h5 50. Rd8+ Ke7 51. Rxd4 exd4 52. b5 Kd6 53. Bxh5 Be4 54. f3
Bd5 55. Bg4 Ra7 56. c7 Rxc7 57. Rxc7 Kxc7 58. Kf2 Kb6 59. Bd7 Bb3 60. Ke2 Bxa4
61. Kd3 Bd1 62. Kxd4 Bxf3 63. Ke5 Kc5 64. Bc6 Bg4 65. Kf4 Bd1 66. g4 Kd6 67. Kf5
Ke7 68. g5 Ba4 69. g6 Bb3 70. b6 Kd6 71. Be4 Bc4 72. b7 Kc7 73. Kf6 Bg8 74. Ke7
Ba2 75. Kf8 Bb3 76. g7 Bc4 77. g8=Q Bxg8 78. Kxg8 Kb8 79. Kf8 Kc7 80. Ke7 Kb8
81. Kd8 Ka7 82. Kc8 Ka6 83. b8=Q Ka5 84. Qb3 Ka6 85. Bd3+ Ka7 86. Qb7# 1-0

[Event "Fagernes GM Open 2014"]
[Site "Fagernes NOR"]
[Date "2014.04.16"]
[Round "6.18"]
[White "Djurhuus, Eivind X"]
[Black "Haria, Ravi"]
[Result "1-0"]
[WhiteElo "1977"]
[BlackElo "2207"]
[WhiteFideId "1515721"]
[BlackFideId "415820"]
[EventDate "2014.04.13"]

1. c4 e6 2. g3 d5 3. Bg2 Nf6 4. Nf3 Be7 5. O-O O-O 6. b3 c5 7. Bb2 Nc6 8. e3 b6
9. Nc3 Ba6 10. Nb5 Qd7 11. Qe2 Rfd8 12. d4 cxd4 13. exd4 Rac8 14. a4 Ne4 15.
Rfd1 Na5 16. Qe3 f6 17. Rac1 Re8 18. Ne1 f5 19. Nf3 Nc6 20. h4 Bb7 21. Ba3 a6
22. Bxe7 Qxe7 23. Nc3 dxc4 24. bxc4 Na5 25. Ne5 Nxc3 26. Qxc3 Bxg2 27. Kxg2 Nxc4
28. Nxc4 b5 29. Qd3 bxc4 30. Rxc4 Qb7+ 31. Kg1 Rcd8 32. Rdc1 Rd7 33. Rc6 Qb2 34.
Qxa6 Rxd4 35. Rc8 Rdd8 36. Kg2 Qb3 37. Rxd8 Rxd8 38. Rc8 Qd5+ 39. Kh2 Rxc8 40.
Qxc8+ Kf7 41. Qc7+ Kf6 42. a5 Qf3 43. Qd8+ Kf7 44. Qb6 Kf6 45. a6 f4 46. Qd8+
Kf7 47. Qc7+ Kg6 48. Qxf4 Qa8 49. Qg5+ Kf7 50. Qb5 1-0

[Event "Fagernes GM Open 2014"]
[Site "Fagernes NOR"]
[Date "2014.04.16"]
[Round "6.19"]
[White "Merkesvik, Sondre"]
[Black "Bjerke, Richard"]
[Result "0-1"]
[BlackTitle "FM"]
[WhiteElo "2042"]
[BlackElo "2194"]
[WhiteFideId "1514350"]
[BlackFideId "1500252"]
[EventDate "2014.04.13"]

1. d4 Nf6 2. Nf3 g6 3. g3 Bg7 4. Bg2 O-O 5. O-O d6 6. b3 e5 7. c4 exd4 8. Nxd4
c5 9. Nb5 Ne4 10. Bxe4 Bxa1 11. Nxd6 Nc6 12. Qd5 Bd4 13. Bg5 Qb6 14. Nxc8 Raxc8
15. h4 Rc7 16. Bh6 Re8 17. Bf4 Rce7 18. Bf3 Nb4 19. Qg5 Bf6 20. Qh6 Bg7 21. Qg5
Nxa2 22. h5 h6 23. Qg4 g5 24. Be3 Qd6 25. Nd2 Rxe3 26. fxe3 Qxd2 27. Bd5 Qxe3+
28. Kh1 Qxe2 29. Rxf7 Qxg4 30. Re7+ Kh7 31. Be4+ Qxe4+ 0-1

[Event "Fagernes GM Open 2014"]
[Site "Fagernes NOR"]
[Date "2014.04.16"]
[Round "6.20"]
[White "Andersen, Alf R."]
[Black "Jorgensen, Line Jin"]
[Result "1-0"]
[WhiteElo "2230"]
[BlackElo "1926"]
[WhiteFideId "1503120"]
[BlackFideId "1505467"]
[EventDate "2014.04.13"]

1. e4 e5 2. Nf3 Nc6 3. d4 exd4 4. Nxd4 Bc5 5. Be3 Qf6 6. Nb5 Bxe3 7. fxe3 Qh4+
8. g3 Qd8 9. Qg4 g5 10. Nd2 h6 11. O-O-O Ne5 12. Qe2 d6 13. h3 a6 14. Nd4 Qe7
15. Nc4 Nxc4 16. Qxc4 Nf6 17. Bg2 Nxe4 18. Nc6 bxc6 19. Qxc6+ Kd8 20. Qxa8 Nf2
21. Bb7 Qd7 22. Bxc8 Qxc8 23. Qf3 Nxh1 24. Qf6+ Kd7 25. Qxf7+ Kc6 26. Qd5+ Kb6
27. Rxh1 Rf8 28. g4 Qe8 29. Qd4+ Kb7 30. Qd5+ Kb6 31. Re1 Rf7 32. e4 Re7 33. Re3
Qc8 34. Rc3 Ka7 35. Qd4+ Kb8 36. Rb3+ Ka8 37. Qd5+ Ka7 38. Qd4+ Ka8 39. Rc3 Kb7
40. Qb4+ Ka7 41. Rc6 Qb7 42. Qd4+ Ka8 43. Qc4 Ka7 44. b3 Re5 45. Rxc7 1-0

[Event "Fagernes GM Open 2014"]
[Site "Fagernes NOR"]
[Date "2014.04.16"]
[Round "6.21"]
[White "Hagesather, Arne"]
[Black "Loberg, Jo Kristian"]
[Result "0-1"]
[WhiteElo "2143"]
[BlackElo "2039"]
[WhiteFideId "1502476"]
[BlackFideId "1505599"]
[EventDate "2014.04.13"]

1. e4 c5 2. Nf3 d6 3. c3 Nf6 4. Be2 Nc6 5. d4 cxd4 6. cxd4 Nxe4 7. d5 Qa5+ 8.
Nc3 Nxc3 9. bxc3 Ne5 10. Nxe5 dxe5 11. O-O e6 12. dxe6 Bxe6 13. Rb1 Bc5 14. Bb5+
Ke7 15. Qh5 f6 16. Bd3 b6 17. Rd1 Rad8 18. Qe2 Qxc3 19. Bb2 Qa5 20. Rbc1 Rd6 21.
Bc3 Qxa2 22. Rd2 Qa4 23. Kh1 Rhd8 24. Bxh7 Rxd2 25. Bxd2 Qh4 26. Bg6 Qxf2 0-1

[Event "Fagernes GM Open 2014"]
[Site "Fagernes NOR"]
[Date "2014.04.18"]
[Round "7.1"]
[White "Postny, Evgeny"]
[Black "Gajewski, Grzegorz"]
[Result "1/2-1/2"]
[WhiteTitle "GM"]
[BlackTitle "GM"]
[WhiteElo "2630"]
[BlackElo "2631"]
[WhiteFideId "2804344"]
[BlackFideId "1116207"]
[EventDate "2014.04.13"]

1. d4 Nf6 2. c4 e6 3. Nf3 d5 4. g3 Bb4+ 5. Bd2 Be7 6. Bg2 O-O 7. O-O Nbd7 8. Qc2
c6 9. Rd1 a5 10. Bf4 h6 11. Ne5 Nh5 12. Bc1 Nhf6 13. Bf4 Nh5 14. Bc1 Nhf6 15.
Nd3 b6 16. Nd2 Ba6 17. b3 Rc8 18. Bb2 c5 19. dxc5 Nxc5 20. Ne5 Ncd7 21. a4 Nxe5
22. Bxe5 Nd7 23. Bd4 Bf6 24. e3 Qe7 25. Qb2 dxc4 26. Bxf6 Qxf6 27. Qxf6 Nxf6 28.
Bf1 Rfd8 29. Nxc4 1/2-1/2

[Event "Fagernes GM Open 2014"]
[Site "Fagernes NOR"]
[Date "2014.04.18"]
[Round "7.2"]
[White "Bok, Benjamin"]
[Black "Romanov, Evgeny"]
[Result "1-0"]
[WhiteTitle "IM"]
[BlackTitle "GM"]
[WhiteElo "2590"]
[BlackElo "2642"]
[WhiteFideId "1017063"]
[BlackFideId "4148843"]
[EventDate "2014.04.13"]

1. e4 c5 2. Nf3 e6 3. d4 cxd4 4. Nxd4 a6 5. Bd3 Ne7 6. O-O g6 7. c4 Bg7 8. Be3
d5 9. exd5 exd5 10. Nc3 O-O 11. Re1 h6 12. Rc1 dxc4 13. Bxc4 Nd7 14. Bb3 Nf6 15.
Nf3 Qxd1 16. Rcxd1 Nc6 17. Bc5 Re8 18. Rxe8+ Nxe8 19. Nd4 Na5 20. Bd5 Nc7 21.
Re1 Bg4 22. h3 Nxd5 23. Nxd5 Bd7 24. Re7 Bc6 25. Nxc6 bxc6 26. Nb6 Rb8 27. b4
Nb7 28. Nd7 Rd8 29. Bb6 Rc8 30. Nf6+ Bxf6 31. Rxb7 Bc3 32. a3 Bb2 33. a4 Ba3 34.
Be3 h5 35. a5 h4 36. Rb6 Rd8 37. Kf1 Rd1+ 38. Ke2 Rb1 39. Rxc6 Bxb4 40. Rxa6 Ra1
41. Ra8+ Kh7 42. a6 Ra2+ 43. Kd3 1-0

[Event "Fagernes GM Open 2014"]
[Site "Fagernes NOR"]
[Date "2014.04.18"]
[Round "7.3"]
[White "Shankland, Samuel L"]
[Black "Turov, Maxim"]
[Result "1-0"]
[WhiteTitle "GM"]
[BlackTitle "GM"]
[WhiteElo "2616"]
[BlackElo "2593"]
[WhiteFideId "2004887"]
[BlackFideId "4120086"]
[EventDate "2014.04.13"]

1. e4 c6 2. d4 d5 3. e5 c5 4. Nf3 cxd4 5. Nxd4 Nc6 6. c4 dxc4 7. Nxc6 Qxd1+ 8.
Kxd1 bxc6 9. Bxc4 Bf5 10. Nc3 e6 11. Ke2 Ne7 12. Be3 Nd5 13. Nxd5 exd5 14. Bb3
O-O-O 15. Bxa7 Re8 16. f4 f6 17. Ba4 Kb7 18. Bd4 fxe5 19. fxe5 Bd6 20. Rac1 Bd7
21. Rhf1 Bxe5 22. Rf7 Bxd4+ 23. Kd3 Kb6 24. Rxd7 Re3+ 25. Kxd4 Re4+ 26. Kd3 Rxa4
27. a3 Rg4 28. g3 h5 29. Rd6 Rc8 30. Rxd5 h4 31. Rd4 Rxd4+ 32. Kxd4 hxg3 33.
hxg3 c5+ 34. Ke4 Kb5 35. Rc3 Rf8 36. Rf3 Re8+ 37. Kf5 Re2 38. Rb3+ Kc4 39. Rb7
g6+ 40. Kf4 Kd5 41. g4 c4 42. Kg5 Re6 43. Rb5+ Kc6 44. a4 Re4 45. Rb8 Kc5 46. a5
Re6 47. Rb6 Kd5 1-0

[Event "Fagernes GM Open 2014"]
[Site "Fagernes NOR"]
[Date "2014.04.18"]
[Round "7.4"]
[White "Boruchovsky, Avital"]
[Black "Kveinys, Aloyzas"]
[Result "1-0"]
[WhiteTitle "IM"]
[BlackTitle "GM"]
[WhiteElo "2492"]
[BlackElo "2543"]
[WhiteFideId "2800055"]
[BlackFideId "12800040"]
[EventDate "2014.04.13"]

1. e4 c5 2. Nf3 e6 3. d4 cxd4 4. Nxd4 a6 5. c4 Nf6 6. Nc3 Qc7 7. Be3 Bb4 8. Qb3
Bc5 9. Na4 d6 10. e5 Ng4 11. exd6 Qxd6 12. Nxc5 Qxc5 13. O-O-O Nxe3 14. Qxe3 O-O
15. Bd3 Nd7 16. Rhe1 Nf6 17. f3 b5 18. Nf5 Qxe3+ 19. Nxe3 Bd7 20. Kb1 Rfc8 21.
Rc1 bxc4 22. Bxc4 g5 23. Bd3 a5 24. Rxc8+ Bxc8 25. Rc1 h6 26. Rc5 Nd7 27. Rc7
Nf6 28. a4 Ne8 29. Rc5 Nd6 30. Rc6 Ne8 31. Bb5 Bd7 32. Rc5 Bxb5 33. Rxb5 Nd6 34.
Rb6 Nc8 35. Rc6 Ne7 36. Rc5 Ra6 37. Kc2 Kg7 38. Kc3 Nc6 39. Nc2 Ne7 40. Ne3 Nc6
41. Kc4 Rb6 42. Rb5 Ra6 43. b3 Ra8 44. Rc5 Ne7 45. Kc3 Ra6 46. b4 axb4+ 47. Kxb4
Rb6+ 48. Rb5 Ra6 49. Rb7 Nf5 50. Nxf5+ exf5 51. a5 Rd6 52. Rb6 Rd2 53. a6 Rb2+
54. Ka5 Ra2+ 55. Kb5 f4 56. Kc6 Rxg2 57. a7 Ra2 58. Kb7 Rxa7+ 59. Kxa7 f5 60.
Ka6 g4 61. Kb5 g3 62. Kc4 1-0

[Event "Fagernes GM Open 2014"]
[Site "Fagernes NOR"]
[Date "2014.04.18"]
[Round "7.5"]
[White "Elsness, Frode"]
[Black "Urkedal, Frode"]
[Result "1-0"]
[WhiteTitle "IM"]
[BlackTitle "IM"]
[WhiteElo "2483"]
[BlackElo "2494"]
[WhiteFideId "1501100"]
[BlackFideId "1506102"]
[EventDate "2014.04.13"]

1. d4 Nf6 2. c4 e6 3. Nf3 b6 4. g3 Bb7 5. Bg2 Be7 6. O-O O-O 7. Re1 Na6 8. Nc3
Ne4 9. Nxe4 Bxe4 10. Ne5 Bxg2 11. Kxg2 Qc8 12. e4 c5 13. d5 Bf6 14. Bf4 Re8 15.
Qh5 Bxe5 16. Bxe5 f6 17. Bc3 Qb7 18. Rad1 e5 19. f4 d6 20. fxe5 fxe5 21. Rf1 Rf8
22. Qg4 Rae8 23. a3 Qc8 24. Rxf8+ Rxf8 25. Qe6+ Qxe6 26. dxe6 Rd8 27. Bxe5 Nc7
28. e7 Rd7 29. Bxd6 Ne8 1-0

[Event "Fagernes GM Open 2014"]
[Site "Fagernes NOR"]
[Date "2014.04.18"]
[Round "7.6"]
[White "Donchenko, Alexander"]
[Black "Wallace, John Paul"]
[Result "1/2-1/2"]
[WhiteTitle "IM"]
[BlackTitle "IM"]
[WhiteElo "2471"]
[BlackElo "2402"]
[WhiteFideId "24603295"]
[BlackFideId "3200957"]
[EventDate "2014.04.13"]

1. c4 g6 2. g3 Bg7 3. Bg2 e5 4. Nc3 d6 5. e4 f5 6. exf5 Bxf5 7. Bxb7 Nd7 8. Nge2
Ne7 9. d4 Bh3 10. Bxa8 Qxa8 11. d5 O-O 12. Bg5 Nf5 13. Qd2 Nd4 14. O-O-O Nf3 15.
Qe3 Nxg5 16. Qxg5 Rxf2 17. Qh4 Bg2 18. Rhg1 Qf8 19. Rxg2 Bh6+ 20. Kb1 Rxg2 21.
Qh3 Qf5+ 22. Qxf5 gxf5 23. Rf1 Rxh2 24. Rxf5 e4 25. Kc2 Ne5 26. Rxe5 dxe5 27. c5
Be3 28. c6 Bb6 29. Kd2 e3+ 30. Kd3 Kf7 31. b4 Ke7 32. Ne4 Rh1 33. N2c3 Bd4 34.
d6+ cxd6 35. Nd5+ Ke6 36. c7 Rc1 37. Nc5+ Kxd5 38. c8=Q e4+ 39. Ke2 Rc2+ 40. Kd1
Rd2+ 41. Kc1 dxc5 42. Qg8+ Kc6 43. Qe8+ Kd5 44. Qg8+ Kc6 45. Qe8+ 1/2-1/2